000 00337nam a22001337a 4500
005 20240705154857.0
008 240705b |||||||| |||| 00| 0 eng d
020 _a978-81-902666-1-1
041 _aeng
100 _aUNKALKAR, V.G.
_98399
245 _aEXCEL WITH VEDIC MATHEMATICS
260 _aBANGALORE
_bVANDANA PUBLISHERS
942 _cBK
999 _c8550
_d8548